Monetary policy implementation : theory--past--present (Record no. 13893)

MARC details
000 -LEADER
fixed length control field 00660nam a2200217Ia 4500
008 - FIXED-LENGTH DATA ELEMENTS--GENERAL INFORMATION
fixed length control field 191130s2004##################000#0#eng##
020 ## - INTERNATIONAL STANDARD BOOK NUMBER
International Standard Book Number 9780199274543
022 ## - INTERNATIONAL STANDARD SERIAL NUMBER
International Standard Serial Number 2005295420
040 ## - CATALOGING SOURCE
Original cataloging agency ACL
Transcribing agency ACL
082 ## - DEWEY DECIMAL CLASSIFICATION NUMBER
Classification number 332.401 BIN
100 ## - MAIN ENTRY--PERSONAL NAME
Personal name Bindseil, Ulrich
245 ## - TITLE STATEMENT
Title Monetary policy implementation : theory--past--present
Statement of responsibility, etc. Ulrich Bindseil
250 ## - EDITION STATEMENT
Edition statement 1st ed
260 ## - PUBLICATION, DISTRIBUTION, ETC.
Place of publication, distribution, etc. Oxford
Name of publisher, distributor, etc. Oxford University Press
Date of publication, distribution, etc. 2004
300 ## - PHYSICAL DESCRIPTION
Extent xii, 276 p. : ill. ; 25 cm
500 ## - GENERAL NOTE
General note Includes bibliographical references ([255]-267) and index
650 ## - SUBJECT ADDED ENTRY--TOPICAL TERM
Topical term or geographic name entry element Monetary policy
990 ## - EQUIVALENCES OR CROSS-REFERENCES [LOCAL, CANADA]
Link information for 9XX fields 519cfc76ac10000c5f184d8b2d568182
991 ## -
-- 167945
Holdings
Withdrawn status Lost status Damaged status Not for loan Home library Current library Date acquired Total Checkouts Full call number Barcode Date last seen Price effective from Koha item type
        Anna Centenary Library Anna Centenary Library 09.10.2020   332.401 BIN 188784 09.10.2020 09.10.2020 English Books

Find us on the map